COA VII Players - Statistics

General Stats
  • This quiz has been taken 4 times
  • The average score is 121 of 450
Answer Stats
Hint Answer % Correct
YS D
100%
GG 18
67%
Wolves 487
67%
Wolves 9J
67%
Gr AK
67%
RC AKa
67%
WBG Alex
67%
ZETA alf
67%
TE AnYi
67%
pH Buri
67%
SZ Burio
67%
Wolves ChoAi
67%
RC City
67%
ZETA DoLisu
67%
FPX.ZQ DongX
67%
RD Dream
67%
ACT Drop
67%
Wolves Eleven
67%
TE huahua
67%
WBG Huan
67%
RC ivory
67%
Wolves Jelly
67%
CT L
67%
SZ Latty
67%
YS lion
67%
ZETA Mocchi
67%
RC Peter
67%
TE ppei
67%
FPX.ZQ Regesi
67%
B4U Schmiddy
67%
STR Shu
67%
RC Soba
67%
B4U Sprintzer
67%
Gr SuperRich
67%
SZ Takoyaki
67%
FPX.ZQ UpXi
67%
GG xawm
67%
MRC XC
67%
GG XMX
67%
DOU5 Yan
67%
Wolves Yeyv
67%
ACT yue
67%
PY Zy
67%
XMG 01499
33%
WBG 1K
33%
QNY 37yyds
33%
Gbb 588
33%
pH 5I
33%
Gbb A4
33%
Gr ac
33%
AWG Aez
33%
Omni Agramont
33%
FT AhD
33%
XMG Alastor
33%
MRC ALi
33%
QNY ALottaCake
33%
ZETA Alphar
33%
BTO AmA
33%
WL Amam
33%
Omni Anton
33%
CQ Aoi
33%
FAV Appai
33%
B4U Aron
33%
AXIZ Atto
33%
HHDG Ayan
33%
Rs Ayane
33%
YS BA1X
33%
CQ Bai
33%
AWG banban
33%
AQ Beifang
33%
GG BH
33%
DOU5 Billy
33%
CQ Bin
33%
Gr Blue
33%
FPX.ZQ bo1
33%
ST Boss
33%
UL Boyman
33%
AWG brontal
33%
Cat CC
33%
AS chen
33%
DOU5 Chen
33%
YS Chz
33%
Wolves CraZy
33%
UTP CRIMSON
33%
RD CY
33%
Gr Czai
33%
RV D4kiri
33%
FAV Dacho
33%
CQ Dai
33%
An Dan
33%
Aku Dango
33%
TE DF
33%
HHDG DKing
33%
PY Dreamer
33%
HHDG egg
33%
STR Eguite
33%
AQ END
33%
Rs fall
33%
FAV Felix
33%
ACT Fmaruko
33%
ACT Fox
33%
GG fulan
33%
BTO Future
33%
AQ gary
33%
ST GCTitanium
33%
SZ gnk
33%
GH Godjay
33%
Gbb goguma
33%
B4U Green
33%
ST Gris
33%
Cat GT
33%
ZS.Lin guagua
33%
TWT Guan
33%
YS h1gher
33%
MRC HaiH
33%
ZETA Hametu
33%
TWT HardG
33%
FL Hasha
33%
RD Hashu
33%
Gr heart
33%
HHDG HengH
33%
FT Heshen
33%
ST Hetian
33%
RC hhu
33%
AS Hin1zza
33%
AWG HNZN
33%
Omni Honor
33%
MRC HuaC
33%
WBG Huiyi
33%
WL ichigo
33%
Cat ImSoOvO
33%
Ats insomnia
33%
An Irohasu
33%
WBG iron
33%
Omni Juan
33%
SZ Juda
33%
ZS.Lin Jxy
33%
AWG Kaeru
33%
Rs kage
33%
AXIZ KaKaKa
33%
Cat Kali
33%
ST Khuong
33%
OUO | pH Kira
33%
BTO KK
33%
FAV Kokua
33%
Jp kono
33%
FAV Kruger
33%
GG kucao
33%
FT Kuga
33%
TWT Kurakkaa_
33%
ZETA Kznk
33%
FzN Layz
33%
CT Leaf
33%
TE Libao
33%
AXIZ Lim
33%
CH4 | Tse Ling
33%
CT Lis
33%
GH LittleBoy
33%
ZS.Lin LiuYing
33%
BTO Lofi
33%
PY Loki
33%
WBG Long
33%
Wolves Lxy
33%
ACT LZX
33%
FL maeken
33%
ACT Maom
33%
RV Marlboro
33%
XMG Mi
33%
GH miao
33%
FT Miniblue
33%
ZETA MiraiK
33%
BTO MKmldy
33%
DOU5 mochen
33%
Jp Mollyf
33%
FzN Momo
33%
SZ mone
33%
FL MonoP
33%
An Moririn
33%
Rs Muhyo
33%
DOU5 Musk
33%
FzN Muxin
33%
B4U MyLeg
33%
Gr N1e
33%
CH4 Nai33
33%
XMG naiz
33%
Jp Nakamura
33%
AWG Nameko
33%
DOU5 NAN
33%
IAM nana
33%
MRC Nanako
33%
CH4 Nato
33%
Jp natuki
33%
FAV Nerisu
33%
GH Nerukun
33%
CT Night
33%
OmO NightOwl
33%
SL Ning
33%
RB NongShane
33%
AXIZ Nyan
33%
Gbb Oniske
33%
Tse oub
33%
RV PabloZg
33%
FT Panda
33%
B4U Paulblems
33%
WL PinoTa
33%
FL PiPiCha
33%
Omni Pitstoper
33%
UL Plukname
33%
FzN Polarz
33%
TWT ppx
33%
GG ppxia
33%
ZETA pyone
33%
TuI Qing
33%
FzN QingH
33%
CT | UTP Rain
33%
RC Raolie
33%
An Repa
33%
TIA Riye
33%
B4U Rolend
33%
Gbb Romi
33%
UTP Runn
33%
AXIZ Ryz
33%
FPX.ZQ SanS
33%
GNC SantiDevil
33%
XMG sany
33%
Cat SATORU
33%
FzN Sawwy
33%
FzN scar
33%
AWG Scorpion
33%
CH4 Sesame
33%
GNC Seven
33%
TuI seven
33%
FT Shadow
33%
RD Shao
33%
Aku SHIBATA
33%
SZ Shinami
33%
RC shota
33%
AQ shushu
33%
ZETA Silk
33%
DOU5 silverzhi
33%
Cat Siuuuuuu
33%
OmO Sixhua
33%
Rs sky
33%
GH SKYFALL
33%
PY Sny6
33%
SZ soar
33%
DB Sobin
33%
Gbb Ssibung
33%
CT Star
33%
Cat Stnk
33%
DB Sumnyang
33%
Gr superQ
33%
OmO surpx
33%
FPX.ZQ Sxy
33%
AXIZ Takakou
33%
STR tarako
33%
HHDG TAT
33%
YS Tea
33%
ST TheTu
33%
AXIZ Toki
33%
RV Tonkatsu
33%
DB Tree
33%
AXIZ TuNa
33%
TE Tx
33%
RV TY
33%
DB Tzumang
33%
HHDG tzym
33%
Omni UkJ
33%
FL Unpyi
33%
TuI valager
33%
WL warot1
33%
TIA WhiteCC
33%
GNC WilsonWei
33%
ST Wolfie
33%
Aku WuYan
33%
Omni WWY
33%
ACT xen
33%
CH4 Xia
33%
MRC XiaoD
33%
UTP XiaoG
33%
MRC XiaoX
33%
RB XiFeng
33%
YS XingChen
33%
HHDG XingH
33%
UTP Xizi
33%
UTP Xjie
33%
Gr Xmiao5
33%
Tse XuanX_
33%
RD Xue
33%
HHDG XuxuZi
33%
WBG XW
33%
ACT xy
33%
FAV Yami
33%
STR Yanasa
33%
TE YangY
33%
TuI yanxiang
33%
CH4 YeahSu
33%
TE YiHua
33%
TE Ying
33%
Omni YinL
33%
QNY Ynight
33%
MRC Ysir
33%
AWG yukakina
33%
FT yuki
33%
YS YuNan
33%
WL yunomaru
33%
FT Yush
33%
RB Yuu
33%
IAM yuuri
33%
My Yuuri
33%
DOU5 YuY
33%
TuI yyk
33%
UL ZenOwO
33%
PY Zeular
33%
GH Zhaokhan
33%
RD ZhengKai
33%
FPX.ZQ ZiBi
33%
IAM 230
0%
STR 4ta5
0%
TIA Anakin
0%
TIA BB
0%
SL BcRen
0%
Tse beilu
0%
Coi Cake
0%
RB chitose
0%
CT chukong
0%
Tse Cok
0%
OUO Couple
0%
VF Cover
0%
VF dohyun
0%
SL dragon
0%
FL Emmko
0%
QNY FLx
0%
WL fuku
0%
GNC FUNV
0%
QNY Fy
0%
XMG gougou
0%
ZS.Lin GUI
0%
UL Haaatarii
0%
pH Hamdae
0%
AS hanksome
0%
Ats Haruka
0%
TIA heno
0%
ZS.Lin Highnes
0%
DB HOIT
0%
IAM HR
0%
VF Humi
0%
OUO Huo
0%
RB Ienioii
0%
ZS.Lin JiaXin
0%
AS jimmy
0%
VF JuHyeon
0%
TIA Jyeong
0%
STR keserabi
0%
An KieRi
0%
AS kirabbit
0%
FL Kit
0%
My kotami
0%
CQ kugua
0%
Aku Kuma
0%
SL kurimura
0%
QNY kwxz
0%
TuI LanKing
0%
Ats lasa
0%
Gbb Lecksyu
0%
AS Legend
0%
TWT leil
0%
UL lemonlime
0%
pH Levi
0%
My LimH
0%
OUO Loveleft7
0%
TWT LPZ
0%
VF Lugi
0%
VF Lv275
0%
Tse Lvy
0%
RV LXue
0%
PY LYan
0%
CT M1take
0%
OUO MaiKing
0%
UTP Maple
0%
WL Metal
0%
Rs Midori
0%
ZS.Lin mlx
0%
XMG mmq
0%
AQ Moon
0%
OUO More
0%
RB Morina
0%
OmO MT
0%
Ats mumu
0%
An myme
0%
GNC MySesame
0%
My Namako
0%
Coi Nene
0%
TIA neon
0%
FL noNino
0%
ST nym
0%
pH Nyong
0%
VF Odeop
0%
TWT ohmy
0%
STR Paripi
0%
SL Peace
0%
RV PeachGN
0%
CQ Pika
0%
RD Pingfan
0%
XMG qiuf
0%
DB Raccoon
0%
TIA Rami
0%
My Reineko
0%
My Riz
0%
RB RubyJah
0%
Coi Ruka
0%
STR Ryoga
0%
GNC Seimei
0%
Jp sh1n
0%
AS sheep
0%
QNY Shevchenko
0%
An shirayuki
0%
My shiro
0%
Tse shy
0%
AS Sito
0%
Coi soryong
0%
BTO Sundy
0%
SL Sunset
0%
OmO tempest
0%
Coi termon
0%
My tsubachi
0%
AQ tsun
0%
Ats Tuo
0%
VF Tyun
0%
UL VIN
0%
Ats wenyi
0%
OmO WFLBB
0%
SL WuLing
0%
IAM Xanvlrt
0%
OUO Xieyu
0%
Aku Xigua
0%
Jp yae
0%
UL YaZen
0%
GNC YL
0%
Jp YoneTa
0%
An yora
0%
FAV Yougg
0%
ZS.Lin Yuan
0%
AQ Yuhsien
0%
Coi Yul
0%
BTO YX
0%
Ats Zhan
0%
No matching quizzes found
Score Distribution
Percent of People with Each Score
Percentile by Number Answered
Your Score History
You have not taken this quiz